000 00484nam a2200181Ia 4500
005 20250923145008.0
008 008 250917s9999 xx 000 0 eng d
037 _aTextual
040 _aDSWL
_beng
_cDSWL
041 _aeng
_2eng
084 _qDSWL
245 0 _aLanguage Tables Pt-II C India
_cby Census of India 1961
260 _aDelhi
_bManager of Publication
_c1964
365 _aINR
_b11.00
925 _g11.00
942 _cTEXL
999 _c1445824
_d1445824